| 000 | 00559nam a22002297a 4500 | ||
|---|---|---|---|
| 003 | OSt | ||
| 005 | 20140310181932.0 | ||
| 008 | 130723t xxu||||| |||| 00| 0 eng d | ||
| 020 | _a055321361x | ||
| 050 |
_aPR 6005.O4 _b.C754 1981 |
||
| 082 |
_aCLA C76l _b1981 |
||
| 100 |
_aConrad, Joseph _92871 |
||
| 245 |
_aLord Jim / _cJoseph Conrad |
||
| 260 |
_aNew York : _bBantam Books, _cc1981. |
||
| 300 |
_a271 p. _c20 cm. |
||
| 521 | _a | ||
| 541 | _j1 | ||
| 541 | _j2 | ||
| 562 | _e2 | ||
| 650 |
_aFiction _9746 |
||
| 942 |
_2lcc _cBBK _kCLA |
||
| 999 |
_c7414 _d7414 |
||